Mathematics for the international student Mathematics SL : (Record no. 282567)
[ view plain ]
| 000 -LEADER | |
|---|---|
| fixed length control field | 00733nam a22002177a 4500 |
| 003 - CONTROL NUMBER IDENTIFIER | |
| control field | OSt |
| 005 - DATE AND TIME OF LATEST TRANSACTION | |
| control field | 20190621092851.0 |
| 008 - FIXED-LENGTH DATA ELEMENTS--GENERAL INFORMATION | |
| fixed length control field | 130622t xxu||||| |||| 00| 0 eng d |
| 020 ## - INTERNATIONAL STANDARD BOOK NUMBER | |
| International Standard Book Number | 9781921972102 |
| 050 ## - LIBRARY OF CONGRESS CALL NUMBER | |
| Classification number | QA 273 |
| Item number | .H136ex 2012 |
| 100 ## - MAIN ENTRY--PERSONAL NAME | |
| Personal name | Haese, Robert. |
| 245 ## - TITLE STATEMENT | |
| Title | Mathematics for the international student Mathematics SL : |
| Remainder of title | for use with IB diploma programme : exam and preparation and practice guide / |
| Statement of responsibility, etc | Robert Haese, Sandra Haese, Michael Haese. |
| 250 ## - EDITION STATEMENT | |
| Edition statement | 3rd ed. |
| 260 ## - PUBLICATION, DISTRIBUTION, ETC. (IMPRINT) | |
| Place of publication, distribution, etc | Australia : |
| Name of publisher, distributor, etc | Haese & Harris Publications, |
| Date of publication, distribution, etc | c2013. |
| 300 ## - PHYSICAL DESCRIPTION | |
| Extent | 112 pages : |
| Dimensions | 26 cm. |
| Other physical details | illustrations ; |
| 562 ## - COPY AND VERSION IDENTIFICATION NOTE | |
| Number of copies | 2 |
| 650 ## - SUBJECT ADDED ENTRY--TOPICAL TERM | |
| Topical term or geographic name as entry element | Mathematics |
| General subdivision | Examination. |
| 942 ## - ADDED ENTRY ELEMENTS (KOHA) | |
| Source of classification or shelving scheme | Library of Congress Classification |
| Koha item type | Books |
| Withdrawn status | Lost status | Source of classification or shelving scheme | Damaged status | Home library | Current library | Shelving location | Date acquired | Source of acquisition | Total Checkouts | Full call number | Barcode | Date last seen | Price effective from | Koha item type | Sub Shelving location | Total Renewals | Date checked out |
|---|---|---|---|---|---|---|---|---|---|---|---|---|---|---|---|---|---|
| Library of Congress Classification | Luxembourg Library | Luxembourg Library | Teachers Reference Section | 02/10/2015 | Library Fund | TR IB QA 273 .H136ex 2012 | IB0171 | 08/15/2016 | 02/10/2015 | Books | |||||||
| Library of Congress Classification | Luxembourg Library | Luxembourg Library | International Baccalaureate Section | 02/10/2015 | Library Fund | 3 | QA 273 .H136ex 2012 | IB0172 | 05/21/2018 | 02/10/2015 | Books | 9 | 02/09/2018 | ||||
| Library of Congress Classification | Luxembourg Library | Luxembourg Library | International Baccalaureate Section | 02/10/2015 | Library Fund | 5 | QA 273 .H136ex 2012 | IB0173 | 06/23/2018 | 02/10/2015 | Books | 23 | 07/17/2017 | ||||
| Library of Congress Classification | Luxembourg Library | Luxembourg Library | International Baccalaureate Section | 02/10/2015 | Library Fund | 6 | QA 273 .H136ex 2012 | IB0174 | 06/21/2019 | 02/10/2015 | Books | 7 | 12/05/2016 |